Pendidikan moral (Record no. 103083)

MARC details
000 -LEADER
fixed length control field 00747nam a2200277 i 4500
001 - CONTROL NUMBER
control field C2-0299103
003 - CONTROL NUMBER IDENTIFIER
control field PPAK
005 - DATE AND TIME OF LATEST TRANSACTION
control field 20180728080833.0
008 - FIXED-LENGTH DATA ELEMENTS--GENERAL INFORMATION
fixed length control field 090628s2009 my |||| ||||| | may d
020 ## - INTERNATIONAL STANDARD BOOK NUMBER
International Standard Book Number 9789835941740
040 ## - CATALOGING SOURCE
Original cataloging agency PPAK
Language of cataloging eng
Transcribing agency PPAK
Description conventions rda
082 04 - DEWEY DECIMAL CLASSIFICATION NUMBER
Classification number 372.832
Edition number 23
090 00 - LOCALLY ASSIGNED LC-TYPE CALL NUMBER (OCLC); LOCAL CALL NUMBER (RLIN)
Classification number (OCLC) (R) ; Classification number, CALL (RLIN) (NR) 372.832
Feature heading AFI
Feature heading R
100 0# - MAIN ENTRY--PERSONAL NAME
Personal name Afif Aiman,
Relator term author
245 10 - TITLE STATEMENT
Title Pendidikan moral
264 #1 - PRODUCTION, PUBLICATION, DISTRIBUTION, MANUFACTURE, AND COPYRIGHT NOTICE
Place of production, publication, distribution, manufacture Petaling Jaya, Selangor :
Name of producer, publisher, distributor, manufacturer Sasbadi ,
Date of production, publication, distribution, manufacture, or copyright notice 2009
300 ## - PHYSICAL DESCRIPTION
Extent vii, 200 pages ;
Dimensions 21 cm
336 ## - CONTENT TYPE
Source rdacontent
Content type term text
337 ## - MEDIA TYPE
Source rdamedia
Media type term unmediated
338 ## - CARRIER TYPE
Source rdacarrier
Carrier type term volume
490 1# - SERIES STATEMENT
Series statement Target vista SPM
650 10 - SUBJECT ADDED ENTRY--TOPICAL TERM
Topical term or geographic name entry element Moral education - Study and teaching
700 ## - ADDED ENTRY--PERSONAL NAME
Relator term author
830 #0 - SERIES ADDED ENTRY--UNIFORM TITLE
Uniform title Target vista SPM
942 ## - ADDED ENTRY ELEMENTS (KOHA)
-- dc
Koha item type Book
Holdings
Withdrawn Not for loan Current library Shelving location Date acquired Full call number Barcode Date last seen Koha item type Total Checkouts
  Not For Loan Perpustakaan Alor Setar Rujukan Dewasa 01/07/2009 R 372.832 AFI A01302203 09/05/2018 Book  
  Not For Loan Perpustakaan Alor Setar Rujukan Dewasa 01/07/2009 R 372.832 AFI A01302204 09/05/2018 Book  
  Not For Loan Perpustakaan Baling Rujukan Dewasa 01/07/2009 R 372.832 AFI A01302211 09/05/2018 Book  
  Not For Loan Perpustakaan Jitra Rujukan Dewasa 01/07/2009 R 372.832 AFI A01302206 09/05/2018 Book  
  Not For Loan Perpustakaan Langkawi Rujukan Dewasa 01/07/2009 R 372.832 AFI A01302207 09/05/2018 Book  
  Not For Loan Perpustakaan Merbok Rujukan Dewasa 01/07/2009 R 372.832 AFI A01302215 09/05/2018 Book  
  Not For Loan Perpustakaan Sik Rujukan Dewasa 01/07/2009 R 372.832 AFI A01302210 09/05/2018 Book  
  Not For Loan PD37, Kg. Belat, Pendang Rujukan Dewasa 01/07/2009 R 372.832 AFI A01302219 09/05/2018 Book  
  Not For Loan PD38, KEDA Tanjung Setol, Pendang Rujukan Dewasa 01/07/2009 R 372.832 AFI A01302220 09/05/2018 Book